| 000 | 01156nam a2200337 i 4500 | ||
|---|---|---|---|
| 001 | bg | ||
| 003 | BPK | ||
| 005 | 20200624101408.0 | ||
| 008 | 000414s1999 pl a f f |000 0 pol | ||
| 015 | _aPB 2000/7148 | ||
| 020 | _a8386890738 | ||
| 040 |
_aWA N _cBPK |
||
| 041 | 0 | _apol | |
| 080 | _a658.1/.5 | ||
| 080 | _a334.72 | ||
| 080 | _a(075.8) | ||
| 245 | 0 | 0 |
_aZarządzanie wartością firmy : _bpraca zbiorowa / _cpod red. Andrzeja Hermana i Andrzeja Szablewskiego ; [aut.] Jan D. Antoszkiewicz [et al.]. |
| 260 |
_aWarszawa : _b"Poltext", _c1999. |
||
| 300 |
_a352 s. : _bil. ; _c24 cm. |
||
| 490 | 1 | _aWarsztaty Menedżerskie. | |
| 504 | _aBibliogr. | ||
| 655 | 4 | _aPodręczniki akademickie | |
| 650 | 4 | _aZarządzanie wartością przedsiębiorstwa | |
| 700 | 1 |
_aHerman, Andrzej. _eRed. |
|
| 710 | 2 |
_aWydawnictwo Poltext. _4pbl. |
|
| 700 | 1 |
_aSzablewski, Andrzej T. _eRedakcja |
|
| 700 | 1 |
_aAntoszkiewicz, Jan D. _d(1937- ) _eAutor |
|
| 830 | 0 | _aWarsztaty Menedżerskie | |
| 856 |
_uhttp://koha.tu.koszalin.pl/cgi-bin/koha/opac-detail.pl?biblionumber=41777 _yKatalog online BPK |
||
| 942 |
_2UKD _cKS |
||
| 999 |
_c41777 _d41777 |
||